Historical Figures A to Z #2 - Statistics

General Stats
  • This quiz has been taken 34 times
  • The average score is 13 of 26
Answer Stats
Hint Answer % Correct
B Jamaican singer & pioneer of reggae Bob (Robert) Marley
100%
A Aviator who tried to fly across the world, but went missing Amelia Earhart
89%
F Famous singer nicknamed "Ol' Blue Eyes" Frank Sinatra
82%
Y Former lover of John Lennon Yoko Ono
82%
K A temperature unit is named after him Lord Kelvin (Willaim Thompson)
79%
W Created world famous cartoons and the largest television and film studio in Hollywood Walt Disney
75%
S Controversial Austrian man who formed the tripartite model of the mind (id, ego, superego) Sigmund Freud
71%
V The first Bolshevik Vladimir Lenin
71%
N Wife of Pharaoh Akhenaten, and beauty symbol Nefertiti
68%
O Greek king who was cursed to kill his father and marry his mother Oedipus
68%
P First Emperor of Russia Peter the Great
68%
U Pope who began the first crusade Urban II
68%
R Famously said "I think, therefore I am" Rene Descartes
50%
G English romantic poet who fought for Greek Independence George Gordon Byron
43%
J First (and only) President the Confederate States Jefferson Davis
43%
D Roman who formed the tetrarchy and cruelly persecuted Christians Diocletian
36%
I Prussian deontologist & criticizer of pure reason Immanuel Kant
36%
E Queen of Ahasuerus, who saved the Jews by defeating the evil vizier Haman Esther
29%
Z Founder of Stoicism Zeno of Citium
29%
C Esoteric founder of analytic philosophy Carl Jung
25%
H Founder of NATO & destroyer of cities Harry Truman
25%
M Roman Philosopher k̶i̶n̶g Emperor, as well as the last "good" one Marcus Aurelius
25%
T Great unifier and shogun of Japan Tokugawa Ieyasu
18%
X Sister of the last Tsar Xenia Alexandrovna
18%
Q Iranian general killed in US airstrike in 2020 Qasem Soleimani
11%
L Medieval Serbian ruler who fought the Ottomans on Kosovo Lazar Hrebeljanović
4%
No matching quizzes found
Score Distribution
Percent of People with Each Score
Percentile by Number Answered
Your Score History
You have not taken this quiz